000 00948nam a2200205Ia 4500
003 Ost
005 20260507075054.0
008 260507s9999||||xx |||||||||||||| ||und||
020 _a75059960
040 _cfsecg
041 _aara
100 _aمخلوف، ابراهيم أحمد
_eمؤلف
245 0 _aالتحليل الكمي في الادارة /
_c ابراهيم أحمد مخلوف
260 _aالرياض:
_bجامعة الملك سعود,
_c2001
300 _a273 صفحة؛
_bإيضاحات ؛
_c24 سم
504 _aبيبليوغرافيا: ص.253
520 _aتجد في هذا الكتاب : البرمجة الخطية ، حل البرنامج الخطي بالطريقة البيانية ،طريقة السملكس ،تحليل شبكة الأعمال بإستخدام تقويم البرامج ومراجعتها وأسلوب المسار الحرج
653 _aالبرمجة الخطية
942 _cكتاب
999 _c42720
_d42720